000 00444nam a2200193Ia 4500
003 OSt
005 20240104164438.0
008 210210b2007 xxu||||| |||| 00| 0 eng d
040 _cAL
041 _aeng
082 _a658 ADIP
100 _aADIGA (K S)
_9147386
245 _aPrinciples of management
260 _aUdupi
_bShubha Prakashana
_c2007
300 _a260
690 _aManagement
_9147390
906 _a062057
942 _2ddc
_cBK
999 _c116704
_d116704